000 00729nam a2200289Ia 4500
005 20260324132133.0
008 008 260324s9999 xx 000 0 eng d
020 _a9781315245102
037 _aEBOOK
040 _aCRL
040 _beng
040 _cCRL
041 _2eng
041 _aeng
084 _qCRL
100 _aLaurence Lux-Sterritt
_91188159
245 0 _aRedefining Female Religious Life
245 0 _bFrench Ursulines and English Ladies in Seventeenth-Century Catholicism
260 _bTaylor and Francis
260 _c2005
365 _a
365 _b230
856 _uhttp://www.taylorfrancis.com/books/9781315245102
942 _cEBOOK
999 _c1785971
_d1785971